000 00596nam a2200229Ia 4500
003 OSt
005 20220924153332.0
006 a|||||r|||| 00| 0
007 ta
008 220923b |||||||| |||| 00| 0 guj d
024 _a347970
037 _cTextual
040 _aARTS
_cARTS
_bguj
041 _2guj
_aguj
082 _aO156,1NBOx, F9
100 _aBotadakar Damodar Khusaldas
_9228568
245 0 _aNirjharani
260 _c1929
650 _aGUJRATI LITERATURE
942 _hO156,1NBOx, F9
_cTEXL
_2CC
999 _c473211
_d473211